000 01056nam a2200277Ia 4500
003 OSt
005 20221005104321.0
006 a|||||r|||| 00| 0
007 ta
008 221004b |||||||| |||| 00| 0 hin d
020 _a9789352664870 (hbk)
_cINR 300.00
024 _a64875
037 _bGV727, 11/03/2020, Vani Prakashan
_cTextual
040 _aCRL
_cCRL
_bhin
041 _2hin
_ahin
082 _aY:1.2, 152Q8
100 _aगुप्ता, बजरंग लाल, ले.
_9159144
245 0 _aभारतीय सांस्कृतिक मूल्य
246 _aBhāratīya sāanskṛutik mūlya
260 _aदिल्ली
_bप्रभात प्रकाशन भारत
_c2018
300 _a144पृ0
_ccm.
650 _a समाजशास्त्र
650 _aभारतीय संस्कृति
_9157954
942 _hY:1.2, 152Q8
_cTEXL
_2cc
999 _c1012344
_d1012344